Routledge handbook of South Asian religions (Record no. 1227280)

MARC details
000 -LEADER
fixed length control field 00634nam a2200229Ia 4500
005 - DATE AND TIME OF LATEST TRANSACTION
control field 20241129110107.0
008 - FIXED-LENGTH DATA ELEMENTS--GENERAL INFORMATION
fixed length control field 241129s9999||||xx |||||||||||||| ||und||
020 ## - INTERNATIONAL STANDARD BOOK NUMBER
International Standard Book Number 978-1-032-72576-5
037 ## - SOURCE OF ACQUISITION
Stock number TB
040 ## - CATALOGING SOURCE
Original cataloging agency ARTS
Language of cataloging eng
Transcribing agency ARTS
041 ## - LANGUAGE CODE
Language code of text/sound track or separate title eng
Source of code eng
084 ## - COLON CLASSIFICATION NUMBER
Classification number Q:49Gg R4 (RR)
Assigning agency ARTS
100 ## - MAIN ENTRY--PERSONAL NAME
Personal name Jacobsen Knut A. Ed.
245 #0 - TITLE STATEMENT
Title Routledge handbook of South Asian religions
Statement of responsibility, etc. Jacobsen Knut A. Ed.
260 ## - PUBLICATION, DISTRIBUTION, ETC.
Place of publication, distribution, etc. UK
Name of publisher, distributor, etc. Routledge
Date of publication, distribution, etc. 2024
300 ## - PHYSICAL DESCRIPTION
Extent xxi,447p.
365 ## - TRADE PRICE
Price type code INR
Price amount 2995
490 ## - SERIES STATEMENT
Series statement Routledge handbook
650 ## - SUBJECT ADDED ENTRY--TOPICAL TERM
Topical term or geographic name entry element Religion
942 ## - ADDED ENTRY ELEMENTS (KOHA)
Koha item type Textbook
Classification part Q:49Gg R4 (RR)
Holdings
Withdrawn status Lost status Damaged status Not for loan Home library Current library Date acquired Source of acquisition Cost, normal purchase price Inventory number Total Checkouts Full call number Barcode Date last seen Price effective from Koha item type
        Arts Library Arts Library 2024-11-29 Pioneer Book Distributors 2995.00 10 & 15/12/2023   Q:49Gg R4 (RR) AL1803314 2024-11-29 2024-11-29 Textbook
Copyright @ Delhi University Library System